Budapest tram line 41 stops - Statistics

General Stats
  • This quiz has been taken 26 times
  • The average score is 27 of 39
Answer Stats
Answer Interchange % Correct
Batthyány tér 19, M2, H5
100%
Bécsi út / Vörösvári út 1, 1A, 17, 19
100%
Margit híd, budai hídfő 4, 6, 17, 19, H5
100%
Szent Gellért tér – Műegyetem 19, 47, 48, 49, 56, 56A, M4
100%
Clark Ádám tér
94%
Móricz Zsigmond körtér 6, 17, 19, 47, 48, 49, 56, 56A, 61, M4
94%
Etele út / Fehérvári út 1, 17, 47, 48, 56
89%
Gárdonyi tér
89%
Kolosy tér 17, 19, H5
89%
Újbuda-központ 4, 17, 47,48, 56, M4
89%
Budafok kocsiszín 17, 47, 48, 56, MÁV
83%
Kamaraerdei Ifjúsági Park
83%
Rudas Gyógyfürdő 19, 56, 56A
83%
Bem József tér
78%
Budafoki elágazás 47, 56
78%
Szent Margit Kórház
78%
Várkert Bazár
78%
Albertfalva kitérő
72%
Halász utca
72%
Katinyi mártírok parkja
72%
Zsigmond tér
72%
Szent Lukács Gyógyfürdő
67%
Andor utca
61%
Hauszmann Alajos utca
61%
Kelenvölgy-Péterhegy
61%
Rózsavölgy alsó
61%
Rózsavölgy felső
61%
Albertfalva utca
56%
Csonka János tér
56%
Komjádi Béla utca
56%
Repülőtér
56%
Selmeci utca
56%
Fonyód utca
50%
Kalotaszeg utca
44%
Pék utca
44%
Váradi utca
44%
Balatoni út
39%
Fülőke utca
39%
Kőérberek
39%
No matching quizzes found
Score Distribution
Percent of People with Each Score
Percentile by Number Answered
Your Score History
You have not taken this quiz